000 00363nam a2200145Ia 4500
008 230917s9999||||xx |||||||||||||| ||und||
040 _e51030
_aMAIN
041 _aEnglish
082 _a820.9 G372L
100 _aGilbert, A J
245 0 _aLiterary language from Chaucer to Johnson
260 _aLondon
_bMacmillan
_c1979
300 _aix, 224 p.
942 _cBK
999 _c211082
_d211082